La bonne journée : 1er juin : journée des... (mort subite) - Statistiques

Statistiques générales
  • Ce quiz a été pris 35 fois
  • Le résultat moyen est 2 sur 6
Answers on the Grid
Answers color-coded by a green-red scale on the quiz's grid according to % correct below.
Et c’est beaucoup moins large qu’un chicon
Mon cadeau, c’est une boîte de thon
Et ne veulent plus de pied-de-mouton
Aujourd’hui, c’est la journée des darons
En taille, c’est bien moins long qu’un python
Ils ont déjà 30 caméléons
Aujourd’hui c’est la journée des tampons
Ça change de la journée des morpions
De plus c’est très doux car c’est en coton
C'est aussi plus court que du saucisson
Mais au bout d'un moment, ça sent pas bon
Merci maman pour ton boeuf bourguignon
 
Statistiques - réponses
Réponse % Correct
Aujourd’hui, c’est la journée des darons
60%
Mon cadeau, c’est une boîte de thon
60%
Et ne veulent plus de pied-de-mouton
40%
Ils ont déjà 30 caméléons
30%
Ça change de la journée des morpions
20%
Merci maman pour ton boeuf bourguignon
20%
Aucun quiz correspondant
Distribution des résultats
% des personnes avec chaque résultat
Percentile par nombre de réponses
Votre historique - résultats
Vous n’avez pas pris ce quiz